000 00517nam a22001817a 4500
003 OSt
005 20260605124309.0
008 260605b |||||||| |||| 00| 0 eng d
020 _a0871202018
040 _cChuka University Library
050 _aLB 1028.28
_b. S3 1993
100 _aSagor Richard
_927323
245 _aHow to Conduct Collaborative Action Research
260 _aAlexandria,USA
_bASCD
_c1992
300 _a80p.
650 _aAction Research in Education-- United Nations
_927324
942 _2lcc
_cBK
_n0
999 _c23348
_d23348